ARRUPE JESUIT UNIVERSITY

CORONAVIRUS -STOP THE SPREAD - CLEAN,DISINFECT,COVER

Kant to Wittgenstein and Sartre (Record no. 34739)

MARC details
000 -LEADER
fixed length control field 00485nam a2200205Ia 4500
003 - CONTROL NUMBER IDENTIFIER
control field 0100
008 - FIXED-LENGTH DATA ELEMENTS--GENERAL INFORMATION
fixed length control field 130303s9999 xx 000 0 und d
040 ## - CATALOGING SOURCE
Transcribing agency ARRUPELIB
050 ## - LIBRARY OF CONGRESS CALL NUMBER
Classification number B72.J65 1952
300 ## - PHYSICAL DESCRIPTION
Other physical details 481p. 23cm.
100 ## - MAIN ENTRY--PERSONAL NAME
Personal name Jones, W. T
245 ## - TITLE STATEMENT
Title Kant to Wittgenstein and Sartre
245 ## - TITLE STATEMENT
Remainder of title A History of Western philosophy
250 ## - EDITION STATEMENT
Edition statement 2nd ed.
260 ## - PUBLICATION, DISTRIBUTION, ETC. (IMPRINT)
Place of publication, distribution, etc New York
260 ## - PUBLICATION, DISTRIBUTION, ETC. (IMPRINT)
Name of publisher, distributor, etc Harcourt, Brace & World
260 ## - PUBLICATION, DISTRIBUTION, ETC. (IMPRINT)
-- 1952
300 ## - PHYSICAL DESCRIPTION
Extent xxii
942 00 - ADDED ENTRY ELEMENTS (KOHA)
Koha issues (borrowed), all copies 17
Holdings
Withdrawn status Lost status Source of classification or shelving scheme Damaged status Not for loan Collection code Home library Current library Shelving location Date acquired Total Checkouts Full call number Barcode Date last seen Date checked out Copy number Price effective from Koha item type
    Library of Congress Classification     Main Collection ARRUPE LIBRARY ARRUPE LIBRARY   04/03/2013 4 B72.J65 1952 46003008380 19/05/2014 13/05/2014 1 04/03/2013 Monograph ( Printed materials)
    Library of Congress Classification     Main Collection ARRUPE LIBRARY ARRUPE LIBRARY   04/03/2013 6 B72.J65 1952 46003008361 16/05/2014 13/05/2014 2 04/03/2013 Monograph ( Printed materials)
    Library of Congress Classification     Main Collection ARRUPE LIBRARY ARRUPE LIBRARY   04/03/2013 7 B72.J65 1952 46003008365 17/05/2017 12/04/2017 3 04/03/2013 Monograph ( Printed materials)
    Library of Congress Classification     Main Collection ARRUPE LIBRARY ARRUPE LIBRARY   04/03/2013 1 B72.J65 1952 46003008364 19/02/2014 03/02/2014 4 04/03/2013 Monograph ( Printed materials)

 

Arrupe Library. PO Box MP320 Mt Pleasant, Harare, Zimbabwe
263 242 745411|librarian@aju.ac.zw